| 000 | 00666nam a2200205 a 4500 | ||
|---|---|---|---|
| 003 | OSt | ||
| 005 | 20131010170256.0 | ||
| 008 | 131010s2010 ag ||||| |||| 10| 0 spa d | ||
| 040 | _cBiblioteca Medicina | ||
| 041 | _aspa | ||
| 082 | _bCONGRESOS 017 | ||
| 111 | 2 |
_aSociedad de Trasplante _92699 |
|
| 245 | 0 | 0 | _aNovedades cientificas del XXIII Congreso Internacional de la Sociedad de Trasplante |
| 260 |
_as. l. _bs. n. _c2010 |
||
| 300 | _a4 p. | ||
| 518 | _aVancouver, Canada. Agosto de 2010 | ||
| 653 | _aTRASPLANTES-CONGRESOS-2010 | ||
| 942 |
_2ddc _cPH |
||
| 999 |
_c1790 _d1790 |
||
| 952 |
_40 _00 _bBFM _10 _oCONGRESOS 017 _d2013-10-10 _tEj. 1 _8NFIC _70 _cCR _2ddc _yPH _aBFM |
||